GUTENBERG-Jahrbuch 1952.

Guardado en:
Formato: Libro
Idioma:German
Publicado: Mainz : Gutenberg-Gesellschaft, 1952.
Etiquetas: Agregar Etiqueta
Sin Etiquetas, Sea el primero en etiquetar este registro!
LEADER 00491nam a22001455a 4500
001 EUN.um063479
008 041125s1952####xx#a##########000#0#ger#d
005 20170627104105.0
245 0 0 |a GUTENBERG-Jahrbuch 1952. 
260 |a Mainz :  |b Gutenberg-Gesellschaft,  |c 1952. 
300 |a 237 p. :  |b ilus. ;  |c 27,5 x 20 cm. 
082 0 4 |a 655.1 
082 0 4 |a 655.42 
859 |a Ar-BaUNS  |b BIB. CENTRAL - Tesoro  |h 655.1  |i G982  |k C  |p 2982/959  |v 1952 
859 |a AR-BaUNS  |b BIB. CENTRAL - Tesoro  |h 655.1  |i G982  |k C  |p 97370/988  |t Ej.2  |v 1952